[Event "Col Ch "]
[Site "Ibague "]
[Date "2013.07.07"]
[Round "11.8"]
[White "Saladen, Rafael"]
[Black "Castaneda, Jhon David"]
[Result "0-1"]
[WhiteElo "2207"]
[BlackElo "2123"]
[PlyCount "154"]
[EventDate "2013.07.01"]
[EventType "swiss"]
[EventRounds "11"]
[EventCountry "COL"]
[SourceDate "2005.09.12"]
[WhiteClock "0:02:48"]
[BlackClock "0:16:18"]

1. d4 Nf6 2. Nf3 e6 3. c4 b6 4. g3 Ba6 5. Qa4 c6 6. Bg2 Be7 7. Nc3 O-O 8. O-O
d5 9. cxd5 cxd5 10. Bf4 Qe8 11. Qc2 Nc6 12. Rfe1 Rc8 13. a3 Na5 14. Nd2 Nh5 15.
Be3 f5 16. f4 Nf6 17. h3 Nh5 18. Bf2 Bd6 19. e3 Nf6 20. Bf3 Ne4 21. Ndxe4 dxe4
22. Be2 Bxe2 23. Qxe2 Nc4 24. Rec1 Na5 25. Rc2 Nb3 26. Rd1 Rf7 27. Qa6 Rfc7 28.
Re2 Qh5 29. Qb5 Na5 30. Nxe4 Nc4 31. g4 Qxh3 32. gxf5 Qxf5 33. Qxf5 exf5 34.
Ng5 Be7 35. Ne6 Rd7 36. Rc2 Nd6 37. Rxc8+ Nxc8 38. Rc1 Nd6 39. Be1 Kf7 40. Nc7
Ne4 41. Na6 Bd6 42. a4 Nf6 43. Kg2 h6 44. Bb4 Nd5 45. Bxd6 Rxd6 46. Kf3 Rd7 47.
e4 fxe4+ 48. Kxe4 Nf6+ 49. Kd3 Ke6 50. Nb8 Rb7 51. Nc6 Kf5 52. Rg1 Nd5 53. Kc4
Nxf4 54. d5 g5 55. d6 Rd7 56. Ne7+ Ke6 57. Nc8 Rd8 58. Re1+ Kd7 59. Nxa7 Ra8
60. Nb5 Rxa4+ 61. b4 Rxb4+ 62. Kxb4 Nd3+ 63. Kc4 Nxe1 64. Kd5 Ng2 65. Nd4 Ne3+
66. Ke4 Nc4 67. Kd5 Nxd6 68. Ne6 b5 69. Nd4 g4 70. Ke5 b4 71. Kf4 h5 72. Kg3
Kc7 73. Kh4 Kb6 74. Nb3 Nf5+ 75. Kxh5 g3 76. Nc1 g2 77. Ne2 Ng3+ 0-1

[Event "Col Ch "]
[Site "Ibague "]
[Date "2013.07.07"]
[Round "11.9"]
[White "Cifuentes, Jhon Jairo"]
[Black "Ruiz C, Joshua D"]
[Result "0-1"]
[WhiteElo "2120"]
[BlackElo "2409"]
[PlyCount "64"]
[EventDate "2013.07.01"]
[EventType "swiss"]
[EventRounds "11"]
[EventCountry "COL"]
[SourceDate "2005.09.12"]
[WhiteClock "0:01:20"]
[BlackClock "0:23:35"]

1. e4 c5 2. Nc3 d6 3. f4 g6 4. Nf3 Bg7 5. Bb5+ Bd7 6. Bxd7+ Qxd7 7. O-O Nc6 8.
d3 e6 9. Be3 Nh6 10. h3 f5 11. e5 dxe5 12. Bxc5 exf4 13. Qd2 b6 14. Ba3 e5 15.
d4 e4 16. Qxf4 exf3 17. Rfe1+ Kf7 18. Nb5 Rhd8 19. Rad1 Kg8 20. d5 Ne5 21. Nd6
Nhf7 22. Nxf7 Nxf7 23. Re7 Qb5 24. c4 Qa4 25. Qxf3 Qxc4 26. d6 Ne5 27. Qb7 Bf6
28. b3 Qe4 29. Bb2 Bxe7 30. Qxe7 Re8 31. Qc7 Qe2 32. Qc1 Rac8 0-1

[Event "Col Ch "]
[Site "Ibague "]
[Date "2013.07.07"]
[Round "11.11"]
[White "Mendoza, Rafael"]
[Black "Nunez V, Daniel"]
[Result "1/2-1/2"]
[WhiteElo "2334"]
[BlackElo "2225"]
[PlyCount "48"]
[EventDate "2013.07.01"]
[EventType "swiss"]
[EventRounds "11"]
[EventCountry "COL"]
[SourceDate "2005.09.12"]
[WhiteClock "1:19:44"]
[BlackClock "0:56:20"]

1. e4 c5 2. Nc3 Nc6 3. g3 g6 4. Bg2 Bg7 5. d3 d6 6. Be3 Nf6 7. h3 O-O 8. Nge2
Rb8 9. Qd2 Re8 10. d4 cxd4 11. Nxd4 Nxd4 12. Bxd4 Qa5 13. O-O b5 14. a3 Be6 15.
Rfd1 a6 16. Bxf6 Bxf6 17. Nd5 Qxd2 18. Nxf6+ exf6 19. Rxd2 Red8 20. Rad1 Rb6
21. f4 Kf8 22. Kf2 Ke7 23. Rd4 Rc8 24. c3 Rc5 1/2-1/2

[Event "Col Ch "]
[Site "Ibague "]
[Date "2013.07.07"]
[Round "11.12"]
[White "Lopez Hernandez, Carlos Manuel"]
[Black "Munoz, Jhon Edison"]
[Result "1-0"]
[WhiteElo "2320"]
[BlackElo "2214"]
[PlyCount "106"]
[EventDate "2013.07.01"]
[EventType "swiss"]
[EventRounds "11"]
[EventCountry "COL"]
[SourceDate "2005.09.12"]
[WhiteClock "0:09:46"]
[BlackClock "0:02:44"]

1. Nf3 d5 2. d4 Nf6 3. c4 c6 4. e3 a6 5. Bd3 Bg4 6. Nbd2 b5 7. b3 g6 8. Qc2 Bg7
9. O-O O-O 10. Bb2 Re8 11. Ne5 Bc8 12. f4 e6 13. e4 bxc4 14. bxc4 Ra7 15. Rad1
Rb7 16. Kh1 Nfd7 17. Nb3 f6 18. Nf3 a5 19. Bc3 Ra7 20. Rfe1 a4 21. Nbd2 Nf8 22.
Rb1 Bd7 23. c5 Qc7 24. e5 fxe5 25. Nxe5 Bc8 26. Rxb8 Bxe5 27. Rxc8 Rxc8 28.
dxe5 Qf7 29. Rf1 Nd7 30. Bd4 Rca8 31. g4 Nf8 32. f5 Qg7 33. Nf3 Qh6 34. g5 Qh3
35. f6 Rb8 36. Qf2 Kf7 37. Rg1 Rab7 38. Rg3 Rb1+ 39. Bxb1 Rxb1+ 40. Ng1 Qh4 41.
Qc2 Re1 42. Bf2 Ra1 43. Kg2 Qb4 44. Qe2 Qb8 45. Qa6 Nd7 46. Qxc6 Nxe5 47. Qxa4
Rb1 48. Rb3 Rxb3 49. Qxb3 Qa8 50. Qb6 d4+ 51. Kf1 Qa4 52. Qc7+ Nd7 53. Nf3 Ke8
1-0

[Event "Col Ch "]
[Site "Ibague "]
[Date "2013.07.07"]
[Round "11.13"]
[White "Ramirez, Benjamin Dario"]
[Black "Chavarro, Hugo"]
[Result "1-0"]
[WhiteElo "2214"]
[BlackElo "2296"]
[PlyCount "52"]
[EventDate "2013.07.01"]
[EventType "swiss"]
[EventRounds "11"]
[EventCountry "COL"]
[SourceDate "2005.09.12"]

1. e4 c5 2. Nf3 d6 3. d4 cxd4 4. Nxd4 Nf6 5. Nc3 e6 6. Bd3 Be7 7. O-O O-O 8.
Be3 Nbd7 9. f4 Nc5 10. Qf3 a6 11. Rad1 Qc7 12. f5 b5 13. a3 e5 14. Nde2 Bb7 15.
g4 d5 16. exd5 Rfd8 17. Ng3 Nxd5 18. Nxd5 Rxd5 19. Qf2 Bh4 20. f6 Nxd3 21. cxd3
Bxf6 22. Ne4 Bh4 23. Ng3 Bf6 24. Ne4 Bd8 25. Nc5 Qe7 26. b4 Bb6 1-0

[Event "Col Ch "]
[Site "Ibague "]
[Date "2013.07.07"]
[Round "11.14"]
[White "Posada, Juan Manuel"]
[Black "Garavito, Miguel Angel"]
[Result "1-0"]
[WhiteElo "2101"]
[BlackElo "2263"]
[PlyCount "39"]
[EventDate "2013.07.01"]
[EventType "swiss"]
[EventRounds "11"]
[EventCountry "COL"]
[SourceDate "2005.09.12"]

1. e4 g6 2. d4 Bg7 3. Nc3 d6 4. f4 a6 5. Nf3 Bg4 6. Be2 Nd7 7. Be3 c5 8. Qd2 b5
9. h3 Bxf3 10. Bxf3 cxd4 11. Bxd4 e5 12. Bf2 exf4 13. e5 dxe5 14. Ne4 Rb8 15.
Nd6+ Kf8 16. O-O-O Ngf6 17. Ba7 Bh6 18. g4 Ra8 19. Bf2 g5 20. Nf5 1-0

[Event "Col Ch "]
[Site "Ibague "]
[Date "2013.07.07"]
[Round "11.15"]
[White "Martinez, Jorge Alexander"]
[Black "Rios Parra, Alejandro"]
[Result "1-0"]
[WhiteElo "2189"]
[BlackElo "2344"]
[PlyCount "71"]
[EventDate "2013.07.01"]
[EventType "swiss"]
[EventRounds "11"]
[EventCountry "COL"]
[SourceDate "2005.09.12"]

1. e4 e5 2. Nf3 Nc6 3. Bb5 a6 4. Ba4 Nf6 5. Qe2 d6 6. c3 Be7 7. O-O O-O 8. Rd1
Bg4 9. d3 h6 10. Nbd2 Nh7 11. h3 Bd7 12. Nf1 f5 13. exf5 Bxf5 14. Bb3+ Kh8 15.
Ng3 Bg6 16. a4 Qd7 17. a5 Rae8 18. Ba4 Nf6 19. Nh2 d5 20. b4 d4 21. cxd4 Bxb4
22. dxe5 Bc3 23. Bb2 Rxe5 24. Qc2 Bxb2 25. Qxb2 Qd4 26. Qxb7 Nxa5 27. Qxa6 Nh5
28. Ng4 Nxg3 29. Nxe5 Qxf2+ 30. Kh2 Bh5 31. Ng6+ Kg8 32. Qe6+ Rf7 33. Be8 Bxd1
34. Qxf7+ Qxf7 35. Bxf7+ Kxf7 36. Nh8+ 1-0

[Event "Col Ch "]
[Site "Ibague "]
[Date "2013.07.07"]
[Round "11.16"]
[White "Diaz, Jaime Walter"]
[Black "Hernandez Sanchez, Jairo Andre"]
[Result "1/2-1/2"]
[WhiteElo "2175"]
[BlackElo "2320"]
[PlyCount "61"]
[EventDate "2013.07.01"]
[EventType "swiss"]
[EventRounds "11"]
[EventCountry "COL"]
[SourceDate "2005.09.12"]

1. Nf3 Nf6 2. c4 d5 3. cxd5 Nxd5 4. e4 Nb6 5. d4 Bg4 6. Be3 e6 7. a3 Be7 8.
Nbd2 O-O 9. Qc2 f5 10. Ne5 Bh5 11. f3 N8d7 12. Ndc4 fxe4 13. Nxb6 Nxb6 14. Qxe4
Nd5 15. Bd3 Nf6 16. Qxb7 Nd5 17. Bf2 Bd6 18. O-O Qg5 19. h4 Qe7 20. Qc6 Nf4 21.
Be4 g5 22. hxg5 Qxg5 23. g3 Rab8 24. b4 Rf6 25. Qc2 Rh6 26. Ra2 Kh8 27. Qd2 Rg8
28. Be1 Rg7 29. g4 Bxe5 30. dxe5 Be8 31. a4 1/2-1/2

[Event "Col Ch "]
[Site "Ibague "]
[Date "2013.07.07"]
[Round "11.17"]
[White "Barros, Raul Junior"]
[Black "Mateus, Alejandro"]
[Result "1/2-1/2"]
[WhiteElo "2180"]
[BlackElo "2289"]
[PlyCount "47"]
[EventDate "2013.07.01"]
[EventType "swiss"]
[EventRounds "11"]
[EventCountry "COL"]
[SourceDate "2005.09.12"]

1. e4 c5 2. Nf3 d6 3. d4 cxd4 4. Nxd4 Nf6 5. Nc3 a6 6. g3 g6 7. Bg2 Bg7 8. O-O
Bg4 9. f3 Bd7 10. Be3 Nc6 11. Nde2 O-O 12. Qd2 Rc8 13. Rad1 b5 14. Nd5 Nxd5 15.
exd5 Ne5 16. b3 Qc7 17. h3 Be8 18. Rc1 Nd7 19. c4 bxc4 20. Rxc4 Qb7 21. Rxc8
Qxc8 22. Rc1 Qb8 23. Qa5 Nc5 24. Nd4 1/2-1/2

[Event "Col Ch "]
[Site "Ibague "]
[Date "2013.07.07"]
[Round "11.18"]
[White "Dominguez, Oscar"]
[Black "Uribe Arteaga, Daniel"]
[Result "0-1"]
[WhiteElo "2092"]
[BlackElo "2274"]
[PlyCount "50"]
[EventDate "2013.07.01"]
[EventType "swiss"]
[EventRounds "11"]
[EventCountry "COL"]
[SourceDate "2005.09.12"]

1. e4 e5 2. Nf3 Nc6 3. Bb5 a6 4. Ba4 Nf6 5. d4 exd4 6. O-O Be7 7. Re1 b5 8. e5
Nxe5 9. Rxe5 bxa4 10. Nxd4 O-O 11. Nf5 Bd6 12. Nxd6 cxd6 13. Qxd6 Ng4 14. Bg5
f6 15. Re2 fxg5 16. Qd5+ Kh8 17. Qxa8 Qc7 18. g3 Qc5 19. Nc3 Nxf2 20. Rf1 Nh3+
21. Kg2 Rxf1 22. Re8+ Rf8 23. Rxf8+ Qxf8 24. Kxh3 d5+ 25. Kg2 Bh3+ 0-1

[Event "Col Ch "]
[Site "Ibague "]
[Date "2013.07.07"]
[Round "11.19"]
[White "Pardo, Alejandro"]
[Black "Soto, Christian Camilo"]
[Result "1-0"]
[WhiteElo "2232"]
[BlackElo "2079"]
[PlyCount "67"]
[EventDate "2013.07.01"]
[EventType "swiss"]
[EventRounds "11"]
[EventCountry "COL"]
[SourceDate "2005.09.12"]

1. d4 Nf6 2. Nf3 d5 3. e3 e6 4. Bd3 Be7 5. Ne5 O-O 6. Nd2 b6 7. O-O Bb7 8. f4
Nbd7 9. Qf3 c5 10. b3 Qc7 11. Ba3 Ne8 12. Qh3 f5 13. g4 Nxe5 14. fxe5 cxd4 15.
Bxe7 Qxe7 16. exd4 Qg5 17. Nf3 Qxg4+ 18. Qxg4 fxg4 19. Ng5 Nc7 20. Bxh7+ Kh8
21. Bd3 Bc6 22. Kg2 g6 23. Kg3 Kg7 24. Kxg4 Rae8 25. a4 a5 26. h4 Bd7 27. Nh3
Re7 28. Rxf8 Kxf8 29. Bxg6 b5 30. Kg5 bxa4 31. bxa4 Be8 32. Nf4 Na8 33. Rf1 Kg7
34. Nh5+ 1-0

[Event "Col Ch "]
[Site "Ibague "]
[Date "2013.07.07"]
[Round "11.22"]
[White "Lozano, Nestor Favian"]
[Black "Valle, Efrain"]
[Result "1-0"]
[WhiteElo "2110"]
[BlackElo "2229"]
[PlyCount "89"]
[EventDate "2013.07.01"]
[EventType "swiss"]
[EventRounds "11"]
[EventCountry "COL"]
[SourceDate "2005.09.12"]

1. g3 Nc6 2. Bg2 Nf6 3. c4 e5 4. Nc3 Bc5 5. e3 O-O 6. Nge2 Re8 7. O-O e4 8. d4
exd3 9. Nf4 Ne5 10. Nxd3 Nxd3 11. Qxd3 d6 12. Na4 Nd7 13. b3 Qg5 14. Bb2 Ne5
15. Qd2 Ng4 16. Nxc5 Qxc5 17. Qd5 Qxd5 18. cxd5 Bd7 19. Rfc1 Rac8 20. Bd4 a5
21. Rc3 c5 22. dxc6 bxc6 23. Bb6 Re5 24. Rd1 d5 25. Bxa5 Rh5 26. Bb6 Nxh2 27.
e4 Rb8 28. exd5 cxd5 29. Bc7 Re8 30. Bxd5 Bh3 31. Bc6 Rc8 32. Rd8+ Rxd8 33.
Bxd8 Ng4 34. Bb6 Re5 35. Rc1 Nf6 36. a4 Bc8 37. b4 h5 38. b5 Nd7 39. Bd4 Re7
40. Bf3 Re8 41. a5 Nb8 42. Kg2 g5 43. Rxc8 Rxc8 44. a6 g4 45. Bb7 1-0

[Event "Col Ch "]
[Site "Ibague "]
[Date "2013.07.07"]
[Round "11.24"]
[White "Rojas Barrero, Andres H"]
[Black "Cardozo, Carlos Eduardo"]
[Result "1-0"]
[WhiteElo "2201"]
[BlackElo "1990"]
[PlyCount "59"]
[EventDate "2013.07.01"]
[EventType "swiss"]
[EventRounds "11"]
[EventCountry "COL"]
[SourceDate "2005.09.12"]

1. e4 e6 2. d4 d5 3. Nc3 Bb4 4. e5 c5 5. a3 Bxc3+ 6. bxc3 Ne7 7. Nf3 Nbc6 8.
Bd3 Bd7 9. O-O Qa5 10. Rb1 c4 11. Be2 Rb8 12. Qd2 O-O 13. Nh4 Ng6 14. Nxg6 hxg6
15. f4 Ne7 16. Rf3 Nf5 17. Rh3 Qd8 18. g4 Nh6 19. Qe1 f6 20. Qh4 (20. exf6 Qxf6
21. g5 Qf5 22. Rh4 Nf7) 20... fxe5 21. g5 Nf5 22. Qh7+ Kf7 23. fxe5 Rg8 (23...
b6 24. Qxg6+ Kxg6 25. Bh5+ Kh7 26. Bf7+ Nh6 27. g6+ Kh8 28. Bxh6) (23... Qc7)
24. Bd2 b6 25. Rh6 Nxh6 26. gxh6 Qh4 27. Rf1+ Ke7 28. Qxg6 gxh6 (28... Be8 29.
Bg5+ Kd7 30. Rf7+) 29. Rf7+ Kd8 30. Qxg8+ 1-0

[Event "Col Ch "]
[Site "Ibague "]
[Date "2013.07.07"]
[Round "11.25"]
[White "Castaneda, Jorge Luis"]
[Black "Valderrama Quiceno, Esteban Al"]
[Result "1/2-1/2"]
[WhiteElo "2199"]
[BlackElo "1939"]
[PlyCount "37"]
[EventDate "2013.07.01"]
[EventType "swiss"]
[EventRounds "11"]
[EventCountry "COL"]
[SourceDate "2005.09.12"]

1. d4 Nf6 2. Nf3 e6 3. e3 c5 4. Bd3 Nc6 5. c3 d5 6. Nbd2 Bd6 7. O-O O-O 8. dxc5
Bxc5 9. e4 e5 10. exd5 Nxd5 11. Ne4 Be7 12. Ng3 Nf4 13. Be4 Qc7 14. Re1 Bd6 15.
Qc2 g6 16. Bxf4 exf4 17. Ne2 a6 18. Ned4 Ne5 19. Rad1 1/2-1/2

[Event "Col Ch "]
[Site "Ibague "]
[Date "2013.07.07"]
[Round "11.26"]
[White "Blandon Villa, Diego F"]
[Black "Salcedo, Pablo Esteban"]
[Result "1-0"]
[WhiteElo "2196"]
[BlackElo "1869"]
[PlyCount "59"]
[EventDate "2013.07.01"]
[EventType "swiss"]
[EventRounds "11"]
[EventCountry "COL"]
[SourceDate "2005.09.12"]

1. c4 Na6 2. Nc3 Nf6 3. Nf3 c5 4. g3 e6 5. Bg2 Be7 6. O-O O-O 7. a3 d5 8. cxd5
exd5 9. d4 Bd7 10. dxc5 Nxc5 11. Nxd5 Bb5 12. Nc3 Bc4 13. Nd2 Qd4 14. Qc2 Rfd8
15. Nf3 Qg4 16. b4 Ne6 17. Be3 Rac8 18. Rac1 Bd5 19. h3 Qh5 20. g4 Qg6 21. Nxd5
Nxd5 22. Qxc8 Nxe3 23. Qxb7 Nxg2 24. Qxe7 Ngf4 25. Kh2 h5 26. Ne5 Qe4 27. Qxf7+
Kh8 28. Nf3 Ng5 29. Rc4 Qxe2 30. Nxg5 1-0

[Event "Col Ch "]
[Site "Ibague "]
[Date "2013.07.07"]
[Round "11.27"]
[White "Munoz, Julian Andres"]
[Black "Arango Arenas, Juan Camilo"]
[Result "1-0"]
[WhiteElo "2207"]
[BlackElo "1600"]
[PlyCount "39"]
[EventDate "2013.07.01"]
[EventType "swiss"]
[EventRounds "11"]
[EventCountry "COL"]
[SourceDate "2005.09.12"]

1. d4 c5 2. e4 cxd4 3. c3 g6 4. cxd4 d5 5. e5 Nc6 6. Nc3 Nh6 7. Bb5 Bg7 8. Bg5
f6 9. Bxh6 Bxh6 10. exf6 exf6 11. Nge2 O-O 12. Qa4 Bf5 13. O-O Re8 14. Nxd5 a6
15. Bxc6 bxc6 16. Ndc3 Rb8 17. b3 Bd3 18. Qxc6 Rxe2 19. Nxe2 Bxe2 20. Qe6+ 1-0

[Event "Col Ch "]
[Site "Ibague "]
[Date "2013.07.07"]
[Round "11.28"]
[White "Almanza, Rafael Andres"]
[Black "Cespedes, Cesar Ivan"]
[Result "1-0"]
[WhiteElo "2186"]
[BlackElo "2111"]
[PlyCount "51"]
[EventDate "2013.07.01"]
[EventType "swiss"]
[EventRounds "11"]
[EventCountry "COL"]
[SourceDate "2005.09.12"]

1. e4 e5 2. Nf3 Nc6 3. d4 exd4 4. Nxd4 Bc5 5. Nb3 Bb6 6. Nc3 d6 7. Qe2 Qe7 8.
Be3 Nf6 9. O-O-O Be6 10. Kb1 Bxb3 11. cxb3 Bxe3 12. Qxe3 O-O 13. f3 Rad8 14.
Bc4 a6 15. g4 b5 16. g5 Nxe4 17. Nxe4 bxc4 18. bxc4 Rfe8 19. h4 Qe6 20. Rhg1
Kf8 21. h5 Ne5 22. h6 Nxf3 23. g6 fxg6 24. Qxf3+ Kg8 25. Ng5 Qxc4 26. Rg4 1-0

[Event "Col Ch "]
[Site "Ibague "]
[Date "2013.07.07"]
[Round "11.29"]
[White "Lotero, Faiber"]
[Black "Nino, Juan Camilo"]
[Result "1/2-1/2"]
[WhiteElo "2177"]
[BlackElo "2093"]
[PlyCount "102"]
[EventDate "2013.07.01"]
[EventType "swiss"]
[EventRounds "11"]
[EventCountry "COL"]
[SourceDate "2005.09.12"]

1. e4 e6 2. d3 d5 3. Nd2 Nf6 4. Ngf3 c5 5. g3 Nc6 6. Bg2 Be7 7. O-O h6 8. Re1
Qc7 9. Nf1 b6 10. Bf4 Qd8 11. h3 Bb7 12. g4 dxe4 13. dxe4 Qxd1 14. Raxd1 O-O
15. Ng3 Rad8 16. Ne5 Nxe5 17. Bxe5 Rxd1 18. Rxd1 Rd8 19. Rxd8+ Bxd8 20. f4 Nd7
21. Bd6 f6 22. e5 Bxg2 23. Kxg2 Kf7 24. Kf3 g5 25. fxg5 hxg5 26. exf6 Bxf6 27.
b4 cxb4 28. Bxb4 Be5 29. Ne4 Kg6 30. Bd6 Bd4 31. Ke2 Nf6 32. Nd2 Bc3 33. Nf3
Nd5 34. Kd3 b5 35. Nd4 Bxd4 36. Kxd4 Kf6 37. Be5+ Ke7 38. Bg3 a6 39. h4 gxh4
40. Bxh4+ Kf7 41. Be1 Kg6 42. Bd2 Nf6 43. Ke5 Nxg4+ 44. Kxe6 Nf6 45. Be3 Ne4
46. Bd4 Nd2 47. Bc5 Nc4 48. c3 Nb2 49. Bb4 Na4 50. Kd6 Kf7 51. Kc6 Ke6 1/2-1/2

[Event "Col Ch "]
[Site "Ibague "]
[Date "2013.07.07"]
[Round "11.30"]
[White "Perez Pineda, Elkin Dario"]
[Black "Gaviria, Andres Felipe"]
[Result "1/2-1/2"]
[WhiteElo "2159"]
[BlackElo "2077"]
[PlyCount "24"]
[EventDate "2013.07.01"]
[EventType "swiss"]
[EventRounds "11"]
[EventCountry "COL"]
[SourceDate "2005.09.12"]

1. e4 c6 2. d4 d5 3. exd5 cxd5 4. c4 Nf6 5. Nc3 Nc6 6. Be3 e6 7. Nf3 Be7 8.
cxd5 Nxd5 9. Bd3 Qa5 10. Bd2 O-O 11. O-O Qb6 12. Bg5 Rd8 1/2-1/2

[Event "Col Ch "]
[Site "Ibague "]
[Date "2013.07.07"]
[Round "11.33"]
[White "Castaneda, Victor"]
[Black "Rengifo, Jose Ignacio"]
[Result "0-1"]
[WhiteElo "1876"]
[BlackElo "2133"]
[PlyCount "88"]
[EventDate "2013.07.01"]
[EventType "swiss"]
[EventRounds "11"]
[EventCountry "COL"]
[SourceDate "2005.09.12"]

1. d4 Nf6 2. c4 e5 3. dxe5 Ng4 4. Nf3 Bc5 5. e3 Nc6 6. Be2 Ncxe5 7. Nxe5 Nxe5
8. O-O d6 9. a3 a5 10. b3 Qf6 11. Ra2 Qg6 12. Nc3 c6 13. Kh1 O-O 14. Qc2 f5 15.
f3 Be6 16. Na4 Ba7 17. Bd2 Rae8 18. Raa1 Kh8 19. Rad1 Bc8 20. c5 dxc5 21. Nxc5
b6 22. Nd3 Nxd3 23. Bxd3 Bb8 24. g3 c5 25. Rde1 Bb7 26. Kg2 h5 27. e4 f4 28. e5
Qg5 29. Be4 Ba6 30. Rf2 Bxe5 31. Kh1 Qf6 32. Rg2 fxg3 33. hxg3 Re6 34. Qd1 g6
35. f4 Bd4 36. Qf3 Rfe8 37. f5 Re5 38. Rh2 Kg7 39. g4 Qe7 40. gxh5 Rxe4 41.
Rxe4 Qxe4 42. Qxe4 Rxe4 43. Rg2 Rh4+ 44. Rh2 Bb7# 0-1

[Event "Col Ch "]
[Site "Ibague "]
[Date "2013.07.07"]
[Round "11.34"]
[White "Tirado, Juan Camilo"]
[Black "Florez, Carlos Julio"]
[Result "0-1"]
[WhiteElo "2001"]
[BlackElo "2130"]
[PlyCount "64"]
[EventDate "2013.07.01"]
[EventType "swiss"]
[EventRounds "11"]
[EventCountry "COL"]
[SourceDate "2005.09.12"]

1. e4 d6 2. d4 Nf6 3. Nc3 e5 4. Nge2 exd4 5. Nxd4 Be7 6. Be2 O-O 7. O-O Re8 8.
Re1 Bf8 9. Bd3 Nbd7 10. Bf4 Ne5 11. Bf1 c6 12. a4 a5 13. Qd2 Qb6 14. b3 Bg4 15.
Kh1 Rad8 16. f3 Bc8 17. Rad1 h6 18. Qf2 Qc5 19. Nb1 d5 20. Be3 Qe7 21. Bd2 dxe4
22. Bxa5 Rd5 23. Bb6 c5 24. Nb5 Rxd1 25. Rxd1 exf3 26. gxf3 Bd7 27. N1c3 Bc6
28. Bg2 Ned7 29. Bc7 Qe6 30. Bg3 Qf5 31. Nc7 Rc8 32. N7b5 Ne5 0-1

[Event "Col Ch "]
[Site "Ibague "]
[Date "2013.07.07"]
[Round "11.35"]
[White "Aponte, Juan Camilo"]
[Black "Buitrago, Juan Carlos"]
[Result "0-1"]
[WhiteElo "1909"]
[BlackElo "2124"]
[PlyCount "126"]
[EventDate "2013.07.01"]
[EventType "swiss"]
[EventRounds "11"]
[EventCountry "COL"]
[SourceDate "2005.09.12"]

1. d4 Nf6 2. Nf3 g6 3. c4 Bg7 4. Nc3 O-O 5. e4 d6 6. Be2 e5 7. O-O Nc6 8. h3
Re8 9. dxe5 dxe5 10. Qxd8 Nxd8 11. Nd5 Ne6 12. Ng5 Nd4 13. Bd1 Nxd5 14. cxd5 f5
15. Re1 h6 16. Nf3 fxe4 17. Rxe4 Bf5 18. Re1 Rad8 19. Nxd4 exd4 20. Rxe8+ Rxe8
21. Bd2 Kh7 22. Rc1 Be5 23. Bf3 Bd6 24. Re1 Rxe1+ 25. Bxe1 Bb1 26. a3 Bf4 27.
Bb4 b6 28. g3 Bc1 29. b3 Bc2 30. Kf1 a5 31. Be7 d3 32. Be4 Bxb3 33. Bxd3 Bxd5
34. a4 Be6 35. h4 Bd7 36. Bc2 b5 37. axb5 Bxb5+ 38. Ke1 a4 39. Kd1 Bb2 40. h5
Be8 41. hxg6+ Kg7 42. Bb1 a3 43. Ba2 Bxg6 44. Bc5 h5 45. Kd2 Kf6 46. Kd1 Be4
47. Kd2 c6 48. Be3 Kf5 49. Bc5 Kg4 50. Be6+ Kg5 51. Be3+ Kf6 52. Ba2 Ke5 53.
Bf4+ Kf5 54. Be3 Kf6 55. Bc5 Ke5 56. Be3 Bd5 57. Bf4+ Ke6 58. Bxd5+ Kxd5 59.
Kc2 Ke4 60. Be3 Be5 61. Kb3 Bxg3 62. Kxa3 Bd6+ 63. Kb3 h4 0-1

[Event "Col Ch "]
[Site "Ibague "]
[Date "2013.07.07"]
[Round "11.36"]
[White "Valderrama Castano, Julian Cam"]
[Black "Guerrero Forero, Ricardo Alon"]
[Result "0-1"]
[WhiteElo "1978"]
[BlackElo "2208"]
[PlyCount "118"]
[EventDate "2013.07.01"]
[EventType "swiss"]
[EventRounds "11"]
[EventCountry "COL"]
[SourceDate "2005.09.12"]

1. e4 c5 2. Nc3 Nc6 3. g3 d6 4. Bg2 Nf6 5. h3 e6 6. f4 Be7 7. d3 O-O 8. Bd2 d5
9. Nf3 a6 10. O-O b5 11. Ne5 Bb7 12. Nxc6 Bxc6 13. e5 Ne8 14. f5 exf5 15. Rxf5
g6 16. Rf2 Ng7 17. Qf3 c4 18. d4 Nf5 19. Ne2 f6 20. e6 Qd6 21. c3 Qxe6 22. Nf4
Qf7 23. Re1 Bd6 24. Re6 Rae8 25. Rxd6 Nxd6 26. Nxd5 Ne4 27. Nxf6+ Qxf6 28. Qxf6
Rxf6 29. Rxf6 Nxf6 30. Bxc6 Re2 31. Bf4 Rxb2 32. d5 Kf7 33. d6 Ke6 34. g4 g5
35. Bxg5 Kxd6 36. Bb7 Nd5 37. Bxa6 Nxc3 38. a3 Nd5 39. Kf1 c3 40. Ke1 Kc5 41.
Kd1 Ra2 42. Bh6 Kb6 43. Bc8 Rxa3 44. Bf5 b4 45. Be6 b3 46. Bxd5 Ra1+ 47. Ke2 b2
48. Be4 Rc1 49. Bg7 h6 50. h4 Kc5 51. g5 hxg5 52. hxg5 Kc4 53. g6 b1=Q 54. Bxb1
Rxb1 55. Be5 Rg1 56. g7 c2 57. Bf4 Rxg7 58. Kd2 Kb3 59. Be3 Rd7+ 0-1

[Event "Col Ch "]
[Site "Ibague "]
[Date "2013.07.07"]
[Round "11.38"]
[White "Diaz Arboleda, Daniel"]
[Black "Guzman, River"]
[Result "1-0"]
[WhiteElo "2110"]
[BlackElo "1972"]
[PlyCount "91"]
[EventDate "2013.07.01"]
[EventType "swiss"]
[EventRounds "11"]
[EventCountry "COL"]
[SourceDate "2005.09.12"]

1. d4 Nf6 2. c4 g6 3. Nc3 d5 4. cxd5 Nxd5 5. e4 Nxc3 6. bxc3 Bg7 7. Be3 c5 8.
Qd2 cxd4 9. cxd4 O-O 10. Bc4 Nc6 11. Ne2 Bg4 12. f3 Be6 13. Bxe6 fxe6 14. O-O
e5 15. d5 Na5 16. Qb4 b6 17. Rac1 Nb7 18. Rc3 Nd6 19. Rfc1 Rc8 20. Qa4 Rxc3 21.
Rxc3 Nc8 22. Rc6 Qd7 23. Qc2 Rd8 24. Rc7 Qe8 25. Rb7 Qb5 26. Kf2 Kf8 27. Rc7
Qe8 28. Bg5 Kg8 29. Qc1 Qf8 30. Nc3 h6 31. Be3 Nd6 32. Ke2 Rc8 33. Nb5 Rxc7 34.
Nxc7 Qc8 35. Qc6 Kf7 36. Bc1 Ne8 37. Qe6+ Qxe6 38. Nxe6 h5 39. Nd8+ Kf8 40. Nc6
a6 41. Be3 b5 42. Kd3 Nd6 43. Bc5 Nc8 44. Nb8 a5 45. Nc6 a4 46. Kc3 1-0

[Event "Col Ch "]
[Site "Ibague "]
[Date "2013.07.07"]
[Round "11.41"]
[White "Zapata Cuartas, Juan Carlos"]
[Black "Piraquive, Alberto"]
[Result "0-1"]
[WhiteElo "2089"]
[BlackElo "1945"]
[PlyCount "50"]
[EventDate "2013.07.01"]
[EventType "swiss"]
[EventRounds "11"]
[EventCountry "COL"]
[SourceDate "2005.09.12"]

1. d4 e6 2. c4 f5 3. g3 d5 4. Bg2 c6 5. cxd5 exd5 6. Nf3 Nf6 7. O-O Bd6 8. Nc3
O-O 9. a3 Nbd7 10. b4 Ne4 11. Na4 b6 12. Nb2 Ba6 13. Nd3 Qe8 14. Bb2 Kh8 15.
Rc1 Rc8 16. Nfe5 Nxe5 17. dxe5 Bb8 18. Re1 Qe7 19. f3 Ng5 20. h4 Nf7 21. e4
dxe4 22. fxe4 Rcd8 23. Re3 Nxe5 24. Bxe5 Bxe5 25. Kh1 f4 0-1

[Event "Col Ch "]
[Site "Ibague "]
[Date "2013.07.07"]
[Round "11.42"]
[White "Botello, Gregory Paul"]
[Black "Ardila, Oscar Humberto"]
[Result "0-1"]
[WhiteElo "1940"]
[BlackElo "2077"]
[PlyCount "86"]
[EventDate "2013.07.01"]
[EventType "swiss"]
[EventRounds "11"]
[EventCountry "COL"]
[SourceDate "2005.09.12"]

1. d4 Nf6 2. c4 e6 3. Nf3 Bb4+ 4. Bd2 Be7 5. e3 O-O 6. Bd3 d5 7. O-O b6 8. Nc3
Ba6 9. b3 Bb7 10. Re1 Ne4 11. Qc2 f5 12. Rac1 Nd7 13. Red1 c6 14. Be1 Bd6 15.
cxd5 exd5 16. Ne2 Qf6 17. Ng3 Rac8 18. Qe2 Rce8 19. Qc2 g5 20. Nd2 Qh6 21. Ndf1
Ndf6 22. Nxf5 Qh5 23. Nxd6 Nxd6 24. Bb4 Rd8 25. Be2 Qh6 26. Ng3 Nfe8 27. e4
dxe4 28. Nxe4 Qh4 29. Ng3 Rf6 30. Bc4+ Nxc4 31. Qxc4+ Rf7 32. Bc3 Nc7 33. Qe2
Re8 34. Qd3 Nd5 35. Re1 Ref8 36. Qe4 Rxf2 37. Re2 Qxe4 38. Rxe4 Rxa2 39. Be1
Nf4 40. Re7 Ba8 41. d5 Nxd5 42. Re5 h6 43. Nh5 c5 0-1